Aplikácia medzinárodných účtovných štandardov vo výučbe predmetu "účtovníctvo" a "účtovníctvo komerčných poisťovní" v súvislosti s prechodom na IAS/IFRS
Výsledky vedecko-výskumnej činnosti v rámci projektu KEGA. Skúmanie metodologických prístupov k riešeniu vecných problémov účtovníctva v medzinárodných účtovných štandardoch a ich aplikácia v pedagogickom procese s využitím moderných didaktických prostriedkov.
Guardado en:
| Autor principal: | |
|---|---|
| Formato: | Capítulo de libro |
| Lenguaje: | eslovaco |
| Materias: | |
| Etiquetas: |
Sin Etiquetas, Sea el primero en etiquetar este registro!
|
MARC
| LEADER | 00000naa$a2200000$$$4500 | ||
|---|---|---|---|
| 001 | 0042443 | ||
| 005 | 20240502071515.8 | ||
| 041 | 0 | |a slo | |
| 044 | |a SK | ||
| 245 | 1 | 0 | |a Aplikácia medzinárodných účtovných štandardov vo výučbe predmetu "účtovníctvo" a "účtovníctvo komerčných poisťovní" v súvislosti s prechodom na IAS/IFRS |c Jitka Meluchová |
| 520 | |a Výsledky vedecko-výskumnej činnosti v rámci projektu KEGA. Skúmanie metodologických prístupov k riešeniu vecných problémov účtovníctva v medzinárodných účtovných štandardoch a ich aplikácia v pedagogickom procese s využitím moderných didaktických prostriedkov. | ||
| 610 | 2 | 0 | |a štandardy účtovné medzinárodné |
| 610 | 2 | 0 | |a účtovníctvo |
| 610 | 2 | 0 | |a poisťovne komerčné |
| 610 | 2 | 0 | |a učebnice |
| 610 | 2 | 0 | |a IAS/IFRS |
| 100 | 1 | |a Meluchová, Jitka, 1965- | |